Básne /
Uložené v:
| Hlavný autor: | |
|---|---|
| Médium: | Kniha |
| Jazyk: | Slovak |
| Vydané: |
Levice : Levoča :
Koloman Kertész Bagala, vydavateľstvo L.C.A. ; Modrý Peter,
c2003.
|
| Vydanie: | 1. vyd. |
| Témy: | |
| ISBN: |
8088775795 (viaz. ; L.C.A.) 8085515490 (viaz. ; Modrý Peter) |
| Fyzický popis: |
233 s. ; 21 cm. |
| Tagy: |
Pridať tag
Žiadne tagy, Buďte prvý kto otaguje tento záznam!
|
Titul je dostupný aj v ... 

MARC
| LEADER | 00000nam a2200000 a 4500 | ||
|---|---|---|---|
| 001 | 000000534 | ||
| 003 | SVKK | ||
| 005 | 20071120084520.0 | ||
| 008 | 040531s2003 xo g 000 p slo d | ||
| 020 | |a 8088775795 (viaz. ; L.C.A.) | ||
| 020 | |a 8085515490 (viaz. ; Modrý Peter) | ||
| 040 | |a SVKKK |b slo |c SVKKK |e AACR2 | ||
| 041 | 0 | |a slo | |
| 044 | |a xo |c SK | ||
| 072 | 7 | |a 821.162.4-1 |x Slovenská poézia |2 konspekt | |
| 080 | |a 821.162.4-1 |2 2001 | ||
| 080 | |a (0:82-1) |2 2001 | ||
| 100 | 1 | |a Laučík, Ivan, |d 1944- | |
| 245 | 1 | 0 | |a Básne / |c Ivan Laučík. |
| 250 | |a 1. vyd. | ||
| 260 | |a Levice : |b Koloman Kertész Bagala, vydavateľstvo L.C.A. ; |a Levoča : |b Modrý Peter, |c c2003. | ||
| 300 | |a 233 s. ; |c 21 cm. | ||
| 500 | |a Aut. poznámka | ||
| 655 | 7 | |a slovenská poézia |2 SVKKKPH | |
| 910 | |a svkkk | ||
| 919 | |a 80-88775-79-5 | ||
| 919 | |a 80-85515-49-0 | ||
| 998 | |a BK | ||
| 090 | |g SCKHL |k Sklad Pribinova 2. posch. |a III.196323 |j 959973 |i 2720021077 |s Absenčne | ||
| 090 | |g SCKHL |k Sklad Hlavná 10 prízemie |a III.208119 |j 993408 |i 2720077806 |s Prezenčne | ||